Príčiny vzniku globálnej ekonomickej nerovnováhy diplomová práca

Na minha lista:
Detalhes bibliográficos
Autor principal: Ďurech, Richard
Autor Corporativo: Národohospodárska fakulta EU. Katedra bankovníctva a medzinárodných financií
Outros Autores: Nemec, Marián
Formato: Livro
Idioma:eslovaco
Publicado em: Bratislava 2011
Tags: Adicionar Tag
Sem tags, seja o primeiro a adicionar uma tag!

MARC

LEADER 00000nbm a2200000 4500
001 0130596
005 20161109101553.6
041 0 |a slo 
044 |a SK 
245 1 0 |a Príčiny vzniku globálnej ekonomickej nerovnováhy  |b diplomová práca  |c Richard Ďurech ; školiteľ: Marián Nemec 
264 1 |a Bratislava  |c 2011 
300 |a 66 s. 
100 1 |a Ďurech, Richard 
700 1 |a Nemec, Marián 
710 2 |a Národohospodárska fakulta EU. Katedra bankovníctva a medzinárodných financií